000 00944nmc a2200289 a 4500
003 AR-BaBNM
005 20251128211520.0
008 275020s2005 ||||||||||||||000 | spa||
020 _a978-847112-494-4
040 _cAR-BaBNM
100 1 _aBeane, James A.
245 1 0 _aLa integración del currículum
_bel diseño del núcleo de la educación democrática
260 _aMadrid
_bMinisterio de Educación y Ciencia
_c2005
_bMorata
300 0 _a151 p.
490 0 _aPedagogía. Educación infantil y primaria
_vv. 41
500 0 _aContiene índice de autores y materias
504 _aContiene referencias bibliográficas p. 135-144
650 4 _aCURRICULO
650 4 _aPLANIFICACION DEL CURRICULO
650 4 _aDESARROLLO DEL CURRICULO
653 0 _aORGANIZACION CURRICULAR
653 0 _aCONTENIDOS CURRICULARES
653 0 _aINTEGRACION DE AREAS
653 0 _aTEORIA DEL CURRICULUM
942 _cBK
998 _cme-solo cat
999 _c19987
_d19987